00884nam a22002537a 4500001001000000003000500010005001700015008004100032010001000073011001000083035001000093040000900103100002600112245011100138246002800249260006200277300001900339490003000358500012900388650002400517650003000541700002900571830003000600000050013CHAP20220329140230.0971013s1984 r 00010 d a48950 a49922 a54072 cCHAP00aVera Gaxiola, Felipe.10aInventario de la infraestructura de caminos en la Estación Forestal Experimental de Zoquiapan, México.1 aTransmiciones de fuerza aChapingo, Méx. :bUACH. Departamento de Bosques,c1984. a24 p. :b: il. aBoletín técnicov; 21 aAmbos títulos encuadernados juntos en el interior se encuentra "Transmisiones de fuerza /por Arturo López Acevedo" 12 p.14aCaminos forestales.14aTransmisiones (tractores)0 aAcevedo López, Arturo.0 aBoletín técnicov; 21